01706nam a2200433 i 450000100060000000300080000600500170001400600190003100700150005000800410006502000180010602000270012403500230015103500240017403500250019803500210022304000310024405000220027508200150029724501530031226400980046530000250056333600310058833700330061933800430065249000180069550000230071358801240073659001640086065000150102465000270103965000370106665500270110370000250113079700190115583000190117485600620119399900170125586940FlNmELB20241217171522.0m o d | cr cnu||||||||140728s2003 sp o 001 0 spa d z9788480214490 a9788415443223 (e-book) a(MiAaPQ)EBC3217420 a(Au-PeEL)EBL3217420 a(CaPaEBR)ebr10820985 a(OCoLC)992070254 aFINmELBbspaerdacFINmELB 4aTP823b.M753 20030 a666.4522303aEl color de la cerámica :bnuevos mecanismos en pigmentos para los nuevos procesados de la industria cerámica /cGuillermo Monrós [y otros 3]. 1aCastelló de la Plana :bUniversitat Jaume I. Servei de Comunicació i Publicacions,c2003. a1 recurso en línea atextobtxt2rdacontent/spa acomputadorabc2rdamedia/spa arecurso en líneabcr2rdacarrier/spa1 aAthenea ;v11 aContiene índice. aDescripción basada en recurso en línea; Título de la página del título en PDF (e-libro, visto July 28, 2014). aRecurso electrónico. Santa Fe, Arg.: e-libro, 2015. Disponible vía World Wide Web. El acceso puede estar limitado para las bibliotecas afiliadas a e-libro. 4aPigmentos. 4aCerámica industrial. 0aColor in the ceramic industries. 4aLibros electrónicos.1 aMonrós, Guillermo.2 ae-libro, Corp. 0aAthenea ;v11.40uhttps://elibro.net/ereader/politecnicointernacional/42232 c86940d86940